000 00299 a2200157 4500
001 176803
020 _a
040 _cMagnum
100 _a-
240 1 0 _aA pequena sereia
_lpor
245 1 0 _aA pequena sereia
362 0 _a1899
440 1 _aEko
697 _aMAGNITO: I/GERAL
942 _cBK
999 _c176803
_d176803